Upanayana. (Record no. 73216)

MARC details
000 -LEADER
fixed length control field 00649cam a22002411 4500
001 - CONTROL NUMBER
control field sa 67002353
003 - CONTROL NUMBER IDENTIFIER
control field DLC
005 - DATE AND TIME OF LATEST TRANSACTION
control field 20260227112330.0
008 - FIXED-LENGTH DATA ELEMENTS--GENERAL INFORMATION
fixed length control field 890802s1966 ii b 000 0 gujo
010 ## - LIBRARY OF CONGRESS CONTROL NUMBER
LC control number sa 67002353
035 ## - SYSTEM CONTROL NUMBER
System control number (OCoLC)20115206
040 ## - CATALOGING SOURCE
Original cataloging agency DLC
Transcribing agency WaU
Modifying agency DLC
042 ## - AUTHENTICATION CODE
Authentication code premarc
050 00 - LIBRARY OF CONGRESS CALL NUMBER
Classification number PK1841
Item number .P3
100 1# - MAIN ENTRY--PERSONAL NAME
Personal name Patel, Mohanbhai Shankerbhai,
Dates associated with a name 1920-2002.
245 10 - TITLE STATEMENT
Title Upanayana.
260 ## - PUBLICATION, DISTRIBUTION, ETC.
Date of publication, distribution, etc. [1966]
300 ## - PHYSICAL DESCRIPTION
Extent 179 p.
Dimensions 18 cm.
410 20 - SERIES STATEMENT/ADDED ENTRY--CORPORATE NAME [OBSOLETE, CAN/MARC], [LOCAL, USA]
Corporate name or jurisdiction name as entry element Gujarat Vidyapith.
Title of a work Gujarāta Vidyāpīṭha granthāvalī,
Volume number/sequential designation 145
500 ## - GENERAL NOTE
General note In Gujarati.
504 ## - BIBLIOGRAPHY, ETC. NOTE
Bibliography, etc. note Bibliographical footnotes.
650 #0 - SUBJECT ADDED ENTRY--TOPICAL TERM
Topical term or geographic name entry element Gujarati philology.

No items available.

Powered by Koha